00289 a2200121 4500001000700000020001800007040001100025100002700036240004600063245004100109300000800150362000900158175379 a84-7838-657-2 cMagnum aLopera, José Alvarez10aHistória geral da arte - pintura 1lpor10aHistória geral da arte - pintura 1 a1330 a1995